00349nam a2200109Ia 4500008004100000020001800041040002900059050002200088100001500110245006900125260004500194221221s9999 xx 000 0 und d a0-9728194-0-1 cChuka University Library aHF 5691 bR6 2003 aRosko, P., 0aFinance with feeling at last: a finance book you can understand aProsko Publishing Co.bMinneapolisc2003